| 000 | 00855nam a22002297a 4500 | ||
|---|---|---|---|
| 005 | 20121204161246.0 | ||
| 008 | 121204t xxu||||| |||| 00| 0 eng d | ||
| 010 | _aENG-106273 | ||
| 020 |
_a9788184841930 _c1480.00 |
||
| 035 | _aEN-89806 | ||
| 037 | _bDBAD/PUB | ||
| 040 |
_aDPL _bEng |
||
| 082 | _a303.625 | ||
| 100 |
_954009 _aJain, Sharda |
||
| 245 |
_aInternational terrorism and world politics : _cby Sharda Jain _bfundamentalism's challenge to 'new world order' / |
||
| 260 |
_aNew Delhi _bRegal Publications _c2013 |
||
| 270 |
_aF-159 Rajouri Garden _bNew Delhi _e110027 |
||
| 300 |
_axx,396p. _c23cm(Hb) |
||
| 500 | _aIncludes index | ||
| 942 |
_2ddc _cEN _mJAI _h303.625 |
||
| 999 |
_c71857 _d71857 |
||